=LDR 00000nam 2200000 4500 =001 INLIS000000000029876 =005 20130612132055 =008 ***********************************Ind** =035 ##$$0010-061300000029876 =041 ##$$a Ind =082 ##$$a 028.5 =090 ##$$a 028.5, Ber t =100 ##$$a BERTINO, Andree =245 ##$$a 366 Hal-hal yang perlu anak anda ketahui, Kebiasaan buruk yang berasal dari Amerika, Andree Bertino; Alih Bahasa, Rita; Editor, Lyndon Saputra =260 ##$$a 1995 $b Bogor =300 ##$$a ...Jil, Ilus, 19 cm =650 ##$$a BACAAN KANAK-KANAK =650 ##$$a TERJEMAHAN =700 ##$$a RITA =850 ##$$a NBPNMAT